[Event "Olympiad Women-33"]
[Site "Elista"]
[Date "1998.10.03"]
[Round "5"]
[White "Ovod, Evgenija"]
[Black "Sarangerel, Viktoria"]
[Result "1/2-1/2"]
[WhiteElo "2390"]
[BlackElo "2045"]
[PlyCount "72"]
[EventDate "1998.09.29"]
[EventType "team-swiss"]
[EventRounds "13"]
[EventCountry "RUS"]
[SourceTitle "CBM 066 Extra"]
[Source "ChessBase"]
[SourceDate "1998.11.06"]
[SourceVersion "1"]
[SourceVersionDate "1998.11.06"]
[SourceQuality "1"]

1. d4 d5 2. c4 e6 3. Nc3 Be7 4. Nf3 Nf6 5. Bg5 0-0 6. e3 h6 7. Bxf6 Bxf6 8. Bd3 b6 9. cxd5 exd5 10. 0-0 Bb7 11. Rc1 c6 12. e4 dxe4 13. Bxe4 Na6 14. Qd2 Nc7 15. Rfd1 Nd5 16. Nxd5 cxd5 17. Bd3 Qd6 18. h3 Rfe8 19. Re1 a6 20. a3 Re7 21. Rxe7 Bxe7 22. Ne5 Bf6 23. Re1 Re8 24. Qf4 Re7 25. h4 Bxe5 26. dxe5 Qc7 27. h5 f6 28. Qf5 Rxe5 29. Qh7+ Kf7 30. Bg6+ Ke6 31. Qg8+ Kd6 32. Qf8+ Qe7 33. Qb8+ Qc7 34. Qf8+ Qe7 35. Qb8+ Qc7 36. Qf8+ Qe7 1/2-1/2